Estadísticas para Convocatorias de la selección española (2008-2022)

Haz click aquí para intentar la prueba.

Estadísticas generales

  • Esta prueba ha sido intentada 368 veces
  • La puntuación promedio es 140 de 233

Estadísticas de respuestas

HintRespuesta% Correcto
Confederaciones Brasil 2013 | Eurocopa Francia 2016 | Eurocopa Polonia y Ucrania 2012 | +4 othersIniesta
98%
Confederaciones Brasil 2013 | Confederaciones Sudáfrica 2009 | Eurocopa Francia 2016 | +4 othersCasillas
95%
Confederaciones Brasil 2013 | Confederaciones Sudáfrica 2009 | Eurocopa Polonia y Ucrania 2012 | +3 othersXavi
95%
Confederaciones Brasil 2013 | Confederaciones Sudáfrica 2009 | Eurocopa Francia 2016 | +4 othersPiqué
93%
Confederaciones Brasil 2013 | Confederaciones Sudáfrica 2009 | Eurocopa Francia 2016 | +5 othersSergio Ramos
92%
Confederaciones Brasil 2013 | Confederaciones Sudáfrica 2009 | Eurocopa Polonia y Ucrania 2012 | +3 othersFernando Torres
90%
Confederaciones Sudáfrica 2009 | Eurocopa Suiza y Austria 2008 | Mundial Sudáfrica 2010Puyol
89%
Confederaciones Brasil 2013 | Confederaciones Sudáfrica 2009 | Eurocopa Suiza y Austria 2008 | +2 othersVilla
87%
Eurocopa 2020 | Mundial Qatar 2022Unai Simón
86%
Confederaciones Brasil 2013 | Confederaciones Sudáfrica 2009 | Eurocopa Polonia y Ucrania 2012 | +4 othersReina
84%
Confederaciones Brasil 2013 | Confederaciones Sudáfrica 2009 | Eurocopa 2020 | +6 othersBusquets
83%
Eurocopa 2020 | Eurocopa Francia 2016 | Mundial Brasil 2014 | Mundial Rusia 2018De Gea
81%
Confederaciones Brasil 2013 | Eurocopa Polonia y Ucrania 2012 | Mundial Sudáfrica 2010Víctor Valdés
81%
Mundial Qatar 2022Gavi
78%
Eurocopa 2020 | Mundial Qatar 2022Pedri
77%
Confederaciones Brasil 2013 | Eurocopa 2020 | Eurocopa Francia 2016 | +4 othersJordi Alba
76%
Eurocopa 2020 | Eurocopa Francia 2016 | Mundial Qatar 2022Morata
76%
Mundial Qatar 2022 | Mundial Rusia 2018Carvajal
75%
Confederaciones Brasil 2013 | Eurocopa Francia 2016 | Eurocopa Polonia y Ucrania 2012 | +2 othersPedro
75%
Confederaciones Sudáfrica 2009 | Eurocopa Polonia y Ucrania 2012 | Eurocopa Suiza y Austria 2008 | +2 othersXabi Alonso
74%
Confederaciones Sudáfrica 2009 | Eurocopa Suiza y Austria 2008 | Mundial Sudáfrica 2010Capdevila
73%
Confederaciones Brasil 2013 | Confederaciones Sudáfrica 2009 | Eurocopa Francia 2016 | +4 othersSilva
68%
Confederaciones Brasil 2013 | Confederaciones Sudáfrica 2009 | Eurocopa Francia 2016 | +4 othersCesc Fábregas
67%
Confederaciones Brasil 2013 | Eurocopa Polonia y Ucrania 2012 | Mundial Sudáfrica 2010Jesús Navas
63%
Mundial Rusia 2018Kepa
62%
Eurocopa 2020 | Mundial Qatar 2022Rodri Hernández
61%
Eurocopa 2020Diego Llorente
60%
Eurocopa 2020 | Mundial Qatar 2022Marcos Llorente
60%
Eurocopa 2020 | Mundial Qatar 2022Laporte
58%
Confederaciones Sudáfrica 2009 | Eurocopa Polonia y Ucrania 2012 | Mundial Sudáfrica 2010Llorente
58%
Confederaciones Brasil 2013 | Confederaciones Sudáfrica 2009 | Eurocopa Polonia y Ucrania 2012 | +3 othersAlbiol
54%
Confederaciones Brasil 2013 | Confederaciones Sudáfrica 2009 | Eurocopa Polonia y Ucrania 2012 | +2 othersArbeloa
52%
Confederaciones Sudáfrica 2009 | Eurocopa Suiza y Austria 2008 | Mundial Sudáfrica 2010Marchena
50%
Mundial Qatar 2022Raya
50%
Eurocopa 2020 | Eurocopa Francia 2016 | Mundial Brasil 2014 | +2 othersKoke
49%
Mundial Qatar 2022 | Mundial Rusia 2018Asensio
48%
Confederaciones Brasil 2013 | Confederaciones Sudáfrica 2009 | Eurocopa Polonia y Ucrania 2012 | +2 othersMata
48%
Eurocopa 2020Gayá
46%
Mundial Rusia 2018Isco
46%
Confederaciones Brasil 2013 | Eurocopa 2020 | Eurocopa Francia 2016 | +3 othersAzpilicueta
42%
Eurocopa 2020 | Mundial Qatar 2022Robert Sánchez
42%
Mundial Qatar 2022Ansu Fati
41%
Mundial Qatar 2022Balde
41%
Eurocopa 2020 | Mundial Qatar 2022Ferrán Torres
41%
Mundial Rusia 2018Iago Aspas
41%
Confederaciones Brasil 2013 | Eurocopa Polonia y Ucrania 2012 | Mundial Brasil 2014 | Mundial Sudáfrica 2010Javi Martínez
41%
Eurocopa Suiza y Austria 2008Senna
41%
Confederaciones Brasil 2013 | Confederaciones Sudáfrica 2009 | Eurocopa Polonia y Ucrania 2012 | +2 othersCazorla
39%
Mundial Qatar 2022Nico Williams
39%
Eurocopa 2020 | Mundial Qatar 2022Dani Olmo
38%
Confederaciones Sudáfrica 2009 | Eurocopa Suiza y Austria 2008Güiza
37%
Mundial Rusia 2018Nacho
36%
Mundial Brasil 2014 | Mundial Rusia 2018Diego Costa
35%
Eurocopa 2020 | Mundial Qatar 2022Pau Torres
32%
Eurocopa 2020 | Mundial Qatar 2022Sarabia
31%
Eurocopa 2020 | Mundial Qatar 2022Eric García
27%
Eurocopa Francia 2016 | Eurocopa Polonia y Ucrania 2012 | Mundial Brasil 2014Juanfran
27%
Mundial Rusia 2018Saúl
27%
Eurocopa Polonia y Ucrania 2012Negredo
26%
Eurocopa 2020Oyarzabal
25%
Eurocopa Suiza y Austria 2008Palop
24%
Eurocopa 2020 | Eurocopa Francia 2016 | Mundial Rusia 2018Thiago
24%
Eurocopa 2020Fabián Ruiz
22%
Mundial Rusia 2018Rodrigo
22%
Eurocopa Francia 2016 | Mundial Rusia 2018Lucas Vázquez
20%
Confederaciones Brasil 2013Soldado
18%
Mundial Qatar 2022Guillamón
17%
Confederaciones Brasil 2013 | Mundial Rusia 2018Monreal
17%
Mundial Qatar 2022Yeremi Pino
17%
Eurocopa Francia 2016Aduriz
16%
Eurocopa 2020Gerard Moreno
16%
Mundial Rusia 2018Odriozola
16%
Eurocopa Suiza y Austria 2008Sergio García
16%
Eurocopa 2020Adama
15%
Mundial Qatar 2022Carlos Soler
15%
Eurocopa Suiza y Austria 2008De la Red
14%
Confederaciones Sudáfrica 2009Diego López
14%
Eurocopa Francia 2016Bellerín
12%
Eurocopa Francia 2016Nolito
12%
Eurocopa Francia 2016Sergio Rico
11%
Eurocopa Francia 2016Bruno
10%
Eurocopa Suiza y Austria 2008Fernando Navarro
10%
Eurocopa Suiza y Austria 2008Juanito
10%
Eurocopa Francia 2016San José
10%
Eurocopa Francia 2016Marc Bartra
8%
Confederaciones Sudáfrica 2009Pablo Hernández
3%
Confederaciones Sudáfrica 2009Riera
3%

Distribución de puntuación

Porcentaje por número respondido

Porcentaje de gente con cada puntuación

Historial de tus puntuaciones

No has intentado esta prueba.